000 00399nam a22001457a 4500
008 250523b |||||||| |||| 00| 0 eng d
020 _a970071498779872
050 _aBT40
_b.W66
100 _aWood, William
245 _aAnalytic theogry and the academic study of religion
260 _aOxford
_bOxford university of press
_c2021
300 _avii,239
650 _aPhilosophy theology
942 _cBK
999 _c3641
_d3641